Countries with the Most Olympic Medals in Archery - Statistics

General Stats
  • This quiz has been taken 139 times
    136 since last reset
  • The average score is 11 of 16
Answer Stats
G S B Medals Country % Correct
1 7 2 10 China
99%
32 10 8 50 South Korea
98%
14 11 10 35 United States
98%
0 3 4 7 Japan
90%
7 12 8 27 France
89%
0 3 2 5 Germany
86%
2 2 5 9 Great Britain
83%
2 3 4 9 Italy
83%
1 0 2 3 Australia
71%
0 1 3 4 Mexico
58%
1 1 1 3 Netherlands
55%
1 3 5 9 Soviet Union
incl. Unified Team
54%
11 7 3 21 Belgium
44%
0 2 2 4 Chinese Taipei
40%
1 1 2 4 Finland
27%
1 1 2 4 Ukraine
25%
No matching quizzes found
Score Distribution
Percent of People with Each Score
Percentile by Number Answered
Your Score History
You have not taken this quiz since the last reset